Statystyki dla CO MOŻEMY KUPIĆ W KIOSKU?

Kliknij tutaj aby rozwiązać quiz!

Ogólne statystyki

  • Ten quiz został rozwiązany 166 razy
  • Średni wynik to 4 z 8

Statystyki odpowiedzi

HintOdpowiedź% Poprawnych
1.Gazety
86%
2.Papierosy
85%
7.Napoje | Wodę
66%
6.Zapałki | Zapalniczkę
44%
3.Bilety
43%
4.Zabawki
39%
8.Prezerwatywy
27%
5.Gumę Do Żucia
11%

Rozkład punktacji

Percentyl według liczby udzielonych odpowiedzi

Procent ludzi z każdym wynikiem

Twoja historia wyników

Nie rozwiązałeś tego quizu